000 00799cam a2200229 4500
001 ABS64107
008 000000n2001 000 0 eng u
035 _a(Sirsi) u113584
100 _aHamson, L.
245 4 _aThe big squeeze
260 _c2001
490 _aProperty Week
_v66(26) 29 June 2001, 41-48(8)
520 _aReports the fourth annual "Property Week" survey of fee-earners which has shown a rise in both fees and the number of fee-earners. Suggests that medium-sized companies need to consider their marketing strategies and focus carefully in order to succeed.
590 _aABS
650 _aFEE EARNERS
650 _aFEES
650 _aLEAGUE TABLES
650 _aCOMMERCIAL AGENTS
650 _aSURVEYING FIRMS
690 _aPROPERTY-COMMERCIAL PROPERTY
942 _n0
999 _c67675
_d67675